000 00379 a2200121 4500
082 _a624.15136 MUR
100 _aMurthy, V. N. S.
245 _aSoil Mechanics and Foundation Enguneering [vol 1]
_cV. N. S. Murthy
250 _a3rd ed
260 _aBangalore :
_bSAI Kripa Technical Consultants,
_c1989
300 _axxiii, 780p. :
_bill. ;
_c23 cm
650 _aSoil Mechanics
650 _aFoundation Engineering
999 _c1119
_d1119